Azjatyckie stolice - najlepsze 2 - Statystyki

Ogólne statystyki
  • Ten quiz został rozwiązany 7 razy
  • Średni wynik to 14 z 20
Statystyki odpowiedzi
Kategoria Stolice % Poprawnych
Największa populacja muzułmańska Dżakarta | Dhaka
100%
Największa populacja chrześcijańska Manila | Seul
100%
Najwięcej miliarderów Pekin | Seul
100%
Najludniejszy obszar zurbanizowany Tokio | Nowe Delhi
100%
Najbardziej wysunięty na zachód Ankara | Nikozja
80%
Najbardziej wysunięty na północ Astana | Ułan Bator
80%
Najwięcej turystów zagranicznych (2019) Bangkok | Singapur
80%
Najbardziej wysunięty na południe Dili | Dżakarta
80%
Najbliżej Mount Everestu Katmandu | Thimphu
80%
Wysokość najwyższego budynku Kuala Lumpur | Seul
80%
Największe zanieczyszczenie powietrza (2017–2021) Nowe Delhi | Katmandu
80%
Najbardziej wysunięty na wschód Tokio | Seul
80%
Najdłużej nieprzerwanie zamieszkany Damaszek | Bejrut
60%
Uznane za stolicę przez najmniejszą liczbę członków ONZ Tajpej | Jerozolima
60%
Najwyższa wysokość Thimphu | Sana
60%
Pierwszy alfabetycznie Abu Zabi | Amman
40%
Najgorętsza średnia dzienna wysoka temperatura Abu Zabi | Kuwejt
40%
Najdalej od jakiejkolwiek innej stolicy Dili | Bandar Seri Begawan
40%
Najwięcej opadów Bandar Seri Begawan | Kuala Lumpur
20%
Ostatni alfabetycznie Ułan Bator | Wientian
20%
Nie znaleziono quizów pasujących do podanych kryteriów
Rozkład punktacji
Procent ludzi z każdym wynikiem
Percentyl według liczby udzielonych odpowiedzi
Twoja historia wyników
Nie rozwiązałeś tego quizu